Biblioteca

Joshua (Registro nro. 68715)

Detalles MARC
000 -LÍDER
Campo fijo de descripción fija 01600nam a2200373 i 4500
001 - NÚMERO DE CONTROL
Campo de control 768714001
003 - IDENTIFICADOR DEL NÚMERO DE CONTROL
Campo de control CO-MdFUSB
005 - FECHA Y HORA DE LA ULTIMA TRANSACCIÓN
control field 20250409100937.0
007 - CAMPO FIJO DE DESCRIPCIÓN FIJA--INFORMACIÓN GENERAL
Campo fijo de descripción fija ta
008 - ELEMENTOS DE LONGITUD FIJA -- INFORMACIÓN GENERAL
Campo fijo de descripción fija -- Información general 230414t2000 -us||||g |||| 00| 0 eng d
020 ## - NÚMERO INTERNACIONAL NORMALIZADO PARA LIBROS
Número Internacional Normalizado del libro 0814650422
040 ## - FUENTE DE CATALOGACIÓN
Agencia de catalogación original CO-MdFUSB
Idioma de catalogación spa
Agencia que realiza la transcripción CO-MdFUSB
Agencia que realiza la modificación CO-MdFUSBC
Convenciones de la descripción rda
041 ## - CÓDIGO DE IDIOMA
Código de idioma para texto/pista de sonido o título separado eng
082 ## - NÚMERO DE CLASIFICACIÓN DECIMAL DEWEY
Número de la edición del Dewey 23
Número de clasificación 222.206
Clave de autor-Numero de item H392
100 ## - ASIENTO PRINCIPAL--NOMBRE PERSONAL
Nombre personal Hawk, L. Daniel,
Término relacionador autor
245 ## - TÍTULO
Título del Material Joshua
Mención de responsabilidad, etc. / L. Daniel Hawk ; editado por David W. ‎Cotter
264 #1 - PRODUCCIÓN, PUBLICACIÓN, DISTRIBUCIÓN, MANUFACTURA, Y COPYRIGHT
Lugar de producción, publicación, distribución, manufactura Collegeville, Minnesota ;
Nombre del productor, publicador, distribuidor The Liturgical Press,
Fecha de producción, publicación, distribución, manufactura, o copyright 2000
264 #4 - PRODUCCIÓN, PUBLICACIÓN, DISTRIBUCIÓN, MANUFACTURA, Y COPYRIGHT
Fecha de producción, publicación, distribución, manufactura, o copyright ©2000
300 ## - DESCRIPCIÓN FÍSICA
Extensión 303 páginas
Dimensiones ; 23 cm
336 ## - TIPO DE CONTENIDO
Fuente rdacontent
Término de tipo de contenido texto
Código de tipo de contenido txt
337 ## - TIPO DE MEDIO
Fuente rdamedia
Nombre del tipo de medio sin mediación
Código del tipo de medio n
338 ## - TIPO DE SOPORTE
Fuente rdacarrier
Nombre del tipo de soporte volumen
Código Tipo de soporte nc
490 ## - MENCIÓN DE SERIE
Mención de serie Berit Olam: studies in Hebrew narrative and poetry
504 ## - NOTA DE BIBLIOGRAFÍA, ETC.
Nota de bibliografía, etc Incluye índices y bibliografía
505 ## - NOTA DE CONTENIDO
Nota de contenido con formato preestablecido Derechos de paso (1:1-18) -- ¿Quién es quién en la tierra prometida? (2:1 - 12:24) -- Extraños en la noche (2:1-24) -- Cambio de estado (3:1 - 4:24) -- Lo primero es lo primero (5:1-15) -- Dando vueltas (6:1-27) -- Espiar Ai (7:1- 8:35) -- Frustrado de nuevo (9:1 - 10:27) -- Conquistando a los cananeos (10:28 - 12:24) -- Organización de Israel (13:1 - 21:45) -- Altar egos (22:1-34) -- Asuntos pendientes (23:1-16) -- Decisiones, decisiones (24:1-33)
563 ## - NOTA DE ENCUADERNACIÓN
Nota de encuadernación Tapa dura
630 07 - TITULO UNIFORME
Título uniforme Biblia.
Nombre de parte o sección de la obra Josué
630 07 - TITULO UNIFORME
Título uniforme Biblia.
Nombre de parte o sección de la obra Josué
Subdivisión de materia general Crítica, interpretación, etc.
650 #7 - ASIENTO SECUNDARIO DE MATERIA - TERMINO TEMÁTICO
Término temático o nombre geográfico como elemento de entrada Hermenéutica bíblica
Fuente del encabezamiento o término embne
9 (RLIN) 7333
700 ## - ASIENTO SECUNDARIO - NOMBRE PERSONAL
9 (RLIN) 6503
Nombre personal Cotter, David W. ‎
Responsabilidad editor
942 ## - TIPO DE MATERIAL (KOHA)
Tipo de Item KOHA Libros General
945 ## - INFORMACIÓN LOCAL DEL REGISTRO
Catalogador AF
Existencias
Estado de Material Estado de Perdido Forma de Clasificación Estado de Dañado No para Préstamo Colección Biblioteca de Origen Biblioteca Permanente Fecha de Adquisición Total de Préstamos Signatura Topográfica Código de Barras Última vez visto Ejemplar/Existencia Fecha de Remplazo Tipo de Material
    Dewey Decimal Classification     Colección General Biblioteca FUSBC Biblioteca FUSBC 14/04/2023   G 222.206 H392j 24122 14/04/2023 Ej. 1 14/04/2023 Libros General

Biblioteca FUSBC | Teléfono: (57+4) 349 88 10 Ext. 141| WhatsApp (+57) 3005338115 
E-mail: biblioteca@unisbc.edu.co | Calle 76 87-14 Robledo Palenque, Medellín, Colombia

Con tecnología Koha